Loading...
UGC Net/Slet: sociology /
| Other Authors: | |
|---|---|
| Format: | Printed Book |
| Language: | English |
| Published: |
New Delhi:
Trueman,
2003.
|
| Edition: | 1st. |
| Subjects: |
| LEADER | 00555cam a2200193ua 4500 | ||
|---|---|---|---|
| 008 | 060815t2003||||||||||| 00 ||eng c | ||
| 041 | 0 | |a eng | |
| 082 | |a 301.076 |b HUS/S | ||
| 245 | 0 | 0 | |a UGC Net/Slet: sociology / |
| 250 | |a 1st. | ||
| 260 | |a New Delhi: |b Trueman, |c 2003. | ||
| 300 | |a 368p.. | ||
| 362 | 1 | |a 2003. | |
| 365 | |a Rs.180/- |e pb | ||
| 650 | 0 | |a Sociology-Examinations | |
| 700 | 0 | 2 | |a Husain, H., |
| 942 | |c REF | ||
| 999 | |c 33 |d 33 | ||
| 952 | |0 0 |1 0 |4 0 |6 301_076000000000000_HUS |7 0 |9 37 |a KUCL |b KUCL |d 2014-05-23 |l 0 |o 301.076 HUS/ |p 09326 |r 2017-03-09 |w 2014-05-23 |y REF | ||